Dobrodružství myšáka Mickeyho / (Záznam č. 34184)
| 000 -Návěští | |
|---|---|
| Řídící pole kódované 24B | 01453nam a2200409 i 4500 |
| 001 - Kontrolní číslo | |
| Řídící pole proměnné | nkc20223447560 |
| 003 - Identifikátor kontrolního čísla | |
| Řídící pole proměnné | CZ PrSKC |
| 005 - Datum posledního zpracování | |
| Řídící pole 16B | 20260417092206.0 |
| 007 - Pole pevné délky pro fyzický popis | |
| Řídící pole kódované | ta |
| 008 - Údaje pevné délky | |
| Řídící pole kódované 40B | 220916s2022 xr a a 000 j cze |
| 020 ## - ISBN | |
| ISBN | 9788025252208 |
| Dostupnost | Kč 299,00 |
| 040 ## - Zdroj katalogizace-agentura | |
| Agentura původní katalogizace | ABG001 |
| Jazyk katalogizace | cze |
| Agentura upravující záznam | BOA001 |
| -- | ABA001 |
| Použitá pravidla popisu | rda |
| 041 1# - Kód jazyka | |
| Kód jazyka textu/zvuku, mezititulků | cze |
| Kód jazyka originálu | eng |
| 072 #7 - Kód předmětové kategorie - Konspekt | |
| Předmětová kategorie | 821-93 |
| Zpřesnění předmětové kategorie | Literatura pro děti a mládež (beletrie) |
| Zdroj předmětové klasifikace | Konspekt |
| 080 ## - MDT | |
| Klasifikační znak MDT | 821-32 |
| Idetifikátor vydání MDT | MRF |
| 080 ## - MDT | |
| Klasifikační znak MDT | 821-93 |
| Idetifikátor vydání MDT | MRF |
| 080 ## - MDT | |
| Klasifikační znak MDT | (0:82-32) |
| Idetifikátor vydání MDT | MRF |
| 100 1# - Hlavní záhlaví - osobní jméno autora | |
| Osobní jméno | Behling, Steve |
| Kód role | aut |
| 9 (RLIN) | 20660 |
| 245 10 - Údaje o názvu | |
| Název | Dobrodružství myšáka Mickeyho / |
| Údaj o odpovědností, atd. | z anglického originálu přeložila Lucie Jiránková |
| 250 ## - Údaje o vydání | |
| Označení vydání | 1. vydání |
| 264 #1 - Nakladatelské údaje | |
| Místo vydání | V Praze : |
| Nakladatel | Egmont, |
| Rok vydání | 2022 |
| 300 ## - Fyzický popis | |
| Rozsah | 86 stran : |
| další fyzické údaje | barevné ilustrace ; |
| Rozměry | 30 cm |
| 490 1# - Údaje o edici | |
| Údaje o edici | Disney |
| 505 00 - Fomátovaná poznámka k obsahu | |
| Názvy | Osamělí duchové / |
| Údaje o autorství poznámky | napsal Steve Begling ; ilustrace John Bajet -- |
| Názvy | Mickeyho karavan / |
| Údaje o autorství poznámky | napsal Steve Begling ; ilustrace Stephanie Laberis |
| 520 2# - Anotace | |
| Anotace, atd. | Příběhy oblíbeného myšího hrdiny z dílny W. Disneyho. |
| 655 #7 - Rejstříkový termín - žánr/forma | |
| Žánr/forma či základní termín | příběhy |
| 655 #7 - Rejstříkový termín - žánr/forma | |
| Žánr/forma či základní termín | publikace pro děti |
| 655 #9 - Rejstříkový termín - žánr/forma | |
| Žánr/forma či základní termín | stories |
| 655 #9 - Rejstříkový termín - žánr/forma | |
| Žánr/forma či základní termín | children's literature |
| 700 1# - Vedlejší záhlaví - osobní jméno autora | |
| Osobní jméno | Bajet, John John |
| Kód role | ill |
| 9 (RLIN) | 20661 |
| 700 1# - Vedlejší záhlaví - osobní jméno autora | |
| Osobní jméno | Laberis, Steph |
| Kód role | ill |
| 9 (RLIN) | 20662 |
| 700 1# - Vedlejší záhlaví - osobní jméno autora | |
| Osobní jméno | Jiránková, Lucie |
| Kód role | trl |
| 9 (RLIN) | 15057 |
| 700 12 - Vedlejší záhlaví - osobní jméno autora | |
| Osobní jméno | Behling, Steve. |
| Název díla | Lonesome ghosts. |
| Jazyk díla | Česky |
| 9 (RLIN) | 20663 |
| 700 12 - Vedlejší záhlaví - osobní jméno autora | |
| Osobní jméno | Behling, Steve. |
| Název díla | Mickey's trailer. |
| Jazyk díla | Česky |
| 9 (RLIN) | 20664 |
| 910 ## - Údaje o vlastníkovi jednotky (exempláře) | |
| Sigla vlastníka jednotky | ABG508 |
| Stav ztráty | Zdroj klasifikace pro skladování | Stav poškození |
|---|---|---|
| Universal Decimal Classification |